| 000 | 01821cam a2200277zu 4500 | ||
|---|---|---|---|
| 001 | 45007895 | ||
| 003 | FRCYB45007895 | ||
| 005 | 20251020123330.0 | ||
| 006 | m o d | ||
| 007 | cr un | ||
| 008 | 251020s2005 fr | o|||||0|0|||fre d | ||
| 020 | _a9782844502469 | ||
| 035 | _aFRCYB45007895 | ||
| 040 |
_aFR-PaCSA _bfr _c _erda |
||
| 100 | 1 | _aMauffret, Blodwenn | |
| 245 | 0 | 1 |
_aLe carnaval de Cayenne _bLe jeu carnavalesque, une esthétique de proximité _c['Mauffret, Blodwenn'] |
| 264 | 1 |
_bIbis Rouge _c2005 |
|
| 300 | _a p. | ||
| 336 |
_btxt _2rdacontent |
||
| 337 |
_bc _2rdamdedia |
||
| 338 |
_bc _2rdacarrier |
||
| 650 | 0 | _a | |
| 700 | 0 | _aMauffret, Blodwenn | |
| 856 | 4 | 0 |
_2Cyberlibris _uhttps://international.scholarvox.com/netsen/book/45007895 _qtext/html _a |
| 520 | _aLe carnaval de Cayenne - Le jeu carnavalesque : une esthétique de proximité - tente de mettre en évidence la relation à l'autre qui s'entretient à l'intérieur du carnaval de Guyane et qui influence directement son esthétique. Si le sujet s'est focalisé sur Cayenne, c'est que, d'une part ce fut le premier lieu de la colonisation et de la constitution de la culture créole guyanaise. Et d'autre part, c'est l'espace le plus urbain et donc le plus carnavalesque et le plus capable de mettre place cette esthétique de proximité. Les carnavals des autres villes se sont constitués par rapport à l'esthétique carnavalesque cayennaise. Cayenne et la population créole détiennent le pouvoir culturel. Le jeu carnavalesque quant à lui est le plus à même de mettre en évidence la relation à autrui qui s'entretient dans le carnaval et parce que les bals paré-masqué sont perçus comme des lieux de jeu avec un système de règles établies mettant en place des interdits et des rituels. | ||
| 999 |
_c1553800 _d1553800 |
||